| 000 | 01030nam a2200337 i 4500 | ||
|---|---|---|---|
| 001 | 28884 | ||
| 003 | KOSZ 005 | ||
| 005 | 20220629121041.0 | ||
| 008 | 971010s1988 pl a |000 0 pol | ||
| 015 | _aPB 1989/456 | ||
| 020 | _a8322323247 | ||
| 040 |
_aWA N _cWA N _dKOSZ 005/HR |
||
| 045 | 2 | _bd1791 | |
| 046 | _k1988 | ||
| 080 | _a342.4(438)"17" | ||
| 080 | _a94(438).06 | ||
| 100 | 1 |
_aŁojek, Jerzy _d(1932-1986) _eAutor |
|
| 245 | 1 | 0 |
_aKu naprawie Rzeczypospolitej : _bKonstytucja 3 Maja / _cJerzy Łojek. |
| 260 |
_aWarszawa : _b"Interpress", _c1988. |
||
| 300 |
_a213, [3] s., [48] s. tabl., [1] k. mapa : _bfaks., fot., portr. ; _c20 cm. |
||
| 380 | _aKsiążki | ||
| 388 | _a1901-2000 | ||
| 388 | _a1945-1989 | ||
| 648 | 4 | _a1701-1800 | |
| 650 | 7 | _aPolityka wewnętrzna | |
| 650 | 7 | _aKonstytucja | |
| 651 | 4 | _aPolska | |
| 658 | _aHistoria | ||
| 856 | 4 | 1 |
_uhttp://koha.tu.koszalin.pl/cgi-bin/koha/opac-detail.pl?biblionumber=28884 _yKatalog online BPK |
| 942 |
_2UKD _cKS |
||
| 999 |
_c28884 _d28884 |
||